ا د بيا ت ر ا جستھا ن (Record no. 94717)

MARC details
000 -LEADER
fixed length control field 00728nam a22002177a 4500
005 - DATE AND TIME OF LATEST TRANSACTION
control field 20150707161302.0
008 - FIXED-LENGTH DATA ELEMENTS--GENERAL INFORMATION
fixed length control field 140714b xxu||||| |||| 00| 0 Urdu d
010 ## - LCCN (DPL NO)
LC control number UR-9170
020 ## - INTERNATIONAL STANDARD BOOK NUMBER
Terms of availability 260.00
035 ## - SYSTEM CONTROL NUMBER
System control number U-7725
037 ## - SOURCE OF ACQUISITION
Source of stock number/acquisition BPPD/Pub/Ven
040 ## - CATALOGING SOURCE
Original cataloging agency DPL
Language of cataloging Urdu
082 ## - DEWEY DECIMAL CLASSIFICATION NUMBER
Classification number 840.42
100 ## - MAIN ENTRY--PERSONAL NAME
Personal name عز يز اللہ شير ا نی
245 ## - TITLE STATEMENT
Title ا د بيا ت ر ا جستھا ن
Statement of responsibility, etc عز يز اللہ شير ا نی
246 #h - VARYING FORM OF TITLE
Title proper/short title Adabiat-e-Rajisthan
Remainder of title By Azizullah Sherani
260 ## - PUBLICATION, DISTRIBUTION, ETC. (IMPRINT)
Name of publisher, distributor, etc Azizullah Sherani
Date of publication, distribution, etc 2012
Place of publication, distribution, etc Rajisthan
270 ## - ADDRESS
Address Farhat Manzil,Kali Paltan,Near Kuan Dewanji Tonk
City Rajisthan
Telephone number 9214984819
Postal code 304001
300 ## - PHYSICAL DESCRIPTION
Extent 350ص
Dimensions 22Cm (Hb)
942 ## - ADDED ENTRY ELEMENTS (KOHA)
Source of classification or shelving scheme Dewey Decimal Classification
Item type Urdu Bks
Edition
Classification part 844.808
Call number suffix ع ز ی
Holdings
Withdrawn status Lost status Source of classification or shelving scheme Damaged status Not for loan Collection code Home library Current library Date acquired Source of acquisition Cost, normal purchase price Total Checkouts Full call number Barcode Date last seen Copy number Cost, replacement price Koha item type
    Dewey Decimal Classification   Not For Loan Non-fiction D.B.Act.Division D.B.Act.Division 07/07/2015 DBAD/Pub. 260.00   844.808 ع ز ی U-7725 07/07/2015 1 260.00 Urdu Bks

© Delhi Public Library
Hit Counter
free hit counter